100 Pytań o Warszawie - Statystyki

Ogólne statystyki
  • Ten quiz został rozwiązany 157 razy
  • Średni wynik to 38 z 100
Statystyki odpowiedzi
nr Pytanie Odpowiedź % Poprawnych
1 Województwo, w którym Warszawa się znajduje Mazowieckie
100%
3 Rzeka, nad którą leży Wisła
99%
2 Województwo, w którym znajdowała się przed 1997r. Warszawskie
89%
8 Nazwa Warszawy po angielsku Warsaw
87%
17 Jak nazywa się największe warszawskie lotnisko? Fryderyka Chopina
77%
5 Nizina, na której się znajduje Mazowiecka
77%
11 Ile ma dzielnic? 18
76%
15 Drugi najwyższy budynek Pałac Kultury i Nauki
75%
4 Angielska nazwa tej rzeki Vistula
73%
9 Nazwa po niemiecku Warschau
72%
18 W którym roku otwarto linię metra M1? 1995
67%
19 W którym roku otwarto linię metra M2? 2015
66%
57 Jak nazywa się obecny prezydent Warszawy? Rafał Trzaskowski
66%
58 Do jakiej partii należy? Platformy Obywatelskiej
65%
12 Największa dzielnica Wawer
64%
16 Czyje imię nosił ten budynek? Józefa Stalina
62%
100 Kraj, w którym leży Warszawa POLSKA
62%
25 Ile jest mostów w Warszawie (z kolejowymi i pieszymi)? 12
58%
42 Którego dnia wybuchło powstanie warszawskie? 1 Sierpnia
58%
75 Ile ma być linii metra w stolicy do 2050 r.? 5
56%
6 Król, który przeniósł do niej stolicę z Krakowa Zygmunt III Waza
56%
13 Najmniejsza dzielnica Żoliborz
55%
30 Jakie kolory ma flaga Warszawy? Żółty i Czerwony
55%
46 Kto śpiewał piosenkę "Sen o Warszawie"? Czesław Niemen
54%
44 W którym roku wybuchło powstanie w Getcie? 1943
53%
20 Ile jest obecnie stacji metra w stolicy? 38
53%
52 Ulica, przy której znajduje się Sejm i Senat RP Wiejska
53%
60 Od fabryki jakich pojazdów wzięła nazwa dzielnicy Ursus? Traktorów
52%
93 Jaka autostrada przebiega najbliżej Warszawy? A2
51%
66 Ulica, przy której jest stadion Legii Warszawa Łazienkowska
51%
14 Najwyższy budynek Varso Tower
51%
67 Główny stołeczny rywal powyższej drużyny Polonia Warszawa
50%
35 Jak rozwija się skrót SKM? Szybka Kolej Miejska
50%
70 Jak nazywa się najważniejsza wyższa uczelniasportowa w Warszawie? AWF
46%
33 Dzielnica, w której znajdują się Filtry Ochota
45%
87 Jak nazywa się legendarny potwór który zamieniał ludzi w kamień? Bazyliszek
44%
89 Ile jest linii SKM-ki w stolicy? 5
41%
98 Jedyna prezydentka Warszawy Hanna Gronkiewicz-Waltz
41%
49 Wiek, w którym została założona Warszawa XIII
41%
73 Największy las lewobrzeżnej Warszawy Las Kabacki
40%
27 Częścią jakiej drogi ekspresowej jest Most im. Grota-Roweckiego? S8
40%
10 Nazwa po francusku Varsovie
40%
96 Ile linii tramwajowych przebiega przez Most Świętokrzyski? 0
38%
40 Najdłuższa linia tramwajowa 17
38%
74 Jedyna stacja metra nazwana od parku Pole Mokotowskie
38%
21 Jak nazywa się najdłuższa ulica? Wał Miedzeszyński
38%
34 Jak nazywa się kolejka, która jeździ z Warszawy do Grodziska Maz.? WKD
37%
31 Kto był prezydentem Warszawy w chwili rozpoczęcia II Wojny Światowej? Stefan Starzyński
35%
28 Przy jakim placu znajdują się ruiny Pałacu Saskiego? Marszałka Józefa Piłsudskiego
34%
50 Dzielnica, w której odbywały się wolne elekcje Wola
34%
90 W którym roku zawarto Układ Warszawski? 1955
33%
54 Gdzie znajduje się największe schronisko dla zwierząt w mieście? Na Paluchu
33%
36 Ulica, przy której znajduje się południowe wejściedo warszawskiego ZOO Ratuszowa
33%
81 Jak nazywa się największy kanał w stolicy? Kanał Żerański
32%
51 Król, który założył Łazienki Królewskie Stanisław August Poniatowski
32%
97 Największa pętla autobusów nocnych Dw. Centralny
31%
99 Pod którą dzielnicą znajduje się najdłuższy tunel drogowy w kraju? Pod Ursynowem
31%
23 Jak nazywa się ciąg ulic biegnących od placu Zamkowegodo Pałacu w Wilanowie? Trakt Królewski
31%
37 Jedyna warszawska autobusowa linia turystyczna 100
30%
43 Którego dnia zakończyło się powstanie warszawskie? 3 Października
30%
77 Jak nazywa się elektrociepłownia znajdująca się na Mokotowie? EC Siekierki
30%
76 Jaka będzie pierwsza praska stacja 3. linii metra? Stadion Narodowy
30%
55 Jaka linia tramwajowa ma odcinek, gdzie jeździ w obiestrony po jednym torze? 20
29%
62 W której dzielnicy mieszkała Agnieszka Osiecka? Na Pradze Południe
29%
29 Na jakim placu spotykają się ulice trzech polskich wieszczów? Woodrowa Wilsona
29%
69 Czyje imię nosi liceum najwyżej ocenione w rankingu"Perspektyw" 2024? Stanisława Staszica
28%
72 Największy cmentarz na Pradze Cmentarz Bródnowski
27%
7 Rok, w którym powyższe się stało 1596
25%
39 Ile jest linii tramwajowych w Warszawie (bez turystycznych i zastępczych)? 22
25%
94 Gdzie znajdowało się więzienie carskie, w którym straconoprzywódców powstania styczniowego? Na cytadeli
25%
41 Najkrótsza linia tramwajowa 31
24%
84 Jaki zespół wykonywał piosenkę w której wspomniane są:Grochów, Krakowskie Przedmieście i Żoliborz? T.Love
24%
56 Do jakiego osiedla prowadzi ten odcinek? Boernerowa
23%
61 Przy jakiej ulicy znajduje się Najwyższa Izba Kontroli (NIK)? Filtrowej
23%
24 Jak nazywa się ciąg ulic biegnących od Łomianek na północydo Klarysewa na południu? Wisłostrada
23%
26 Czyje imię nosi Most Południowy? Anny Jagiellonki
22%
45 Która bitwa powstania listopadowego odbyła się w granicach obecnej Warszawy? Bitwa pod Olszynką Grochowską
22%
71 Największa warszawska nekropolia Cmentarz Północny
22%
80 Numer kierunkowy telefonów stacjonarnych do Warszawy 022
21%
92 Do jakiego miasta wyprowadzono ludność cywilnąpo powstaniu Warszawskim? Pruszkowa
21%
82 Rozwiń skrót MSI Miejski System Informacji
17%
86 Jak nazywał się szewc, przywódca insurekcjikościuszkowskiej w Warszawie? Jan Kiliński
15%
59 Ilu radnych ma Rada Miasta Warszawy? 60
14%
63 Jak nazywa się dziś przedwojenny Plac Napoleona? Plac Powstańców Warszawy
14%
38 Największa pętla autobusowo-tramwajowa w stolicy P+R Aleja Krakowska
14%
78 Jaki oznakowanie ma droga ekspresowa biegnąca od węzłaWarszawa Lotnisko do ulic Marynarskiej i Sasanki? S79
14%
32 Prezydent Warszawy, który zarządził budowę Filtrów Warszawskich Sokrates Starynkiewicz
14%
95 Który car ufundował cerkiew, która stała na Placu Saskim (obecnie przemianowanym)? Aleksander III
13%
48 Kto nosił przydomek "Bard z Czerniakowa"? Stanisław Grzesiuk
13%
64 Pod czyim wezwaniem jest Katedra Praska? św. Floriana
13%
91 Którego dnia rozpoczęła się bitwa warszawska w 1920 r.? 13 Sierpnia
11%
68 Jak nazywał się przedwojenny żydowski klub sportowy w Warszawie? Makabi Warszawa
10%
53 Przy jakiej ulicy znajduje się Mennica Polska? Grzybowska
9%
83 Jak nazywa się powieść Leopolda Tyrmandadziejąca się w latach 50. w Warszawie? "Zły"
9%
22 Jak nazywa się najkrótsza ulica? Samborska
8%
85 Jak nazywa się teatr przy ulicy Różanej na Mokotowie? Guliwer
7%
47 Kto wyreżyserował film "Przygoda na Mariensztacie"? Leonard Buczkowski
7%
88 Jakie zwierzę uciekło do Lasu Kabackiego będąc transportowane z warszawskiego ZOO do USA? Guziec
5%
79 Kto napisał tekst do utworu "Warszawianka 1831 roku"? Casimir François Delavigne
4%
65 Kto stworzył rysunek "Wieszanie zdrajców na Rynku Warszawskim"? Piotr Norblin
4%
Nie znaleziono quizów pasujących do podanych kryteriów
Rozkład punktacji
Procent ludzi z każdym wynikiem
Percentyl według liczby udzielonych odpowiedzi
Twoja historia wyników
Nie rozwiązałeś tego quizu